[Event "FRA-chT2 South 0809"]
[Site "France"]
[Date "2009.03.15"]
[Round "9.7"]
[White "Fevre, Lionel"]
[Black "Bolon, Karelle"]
[Result "0-1"]
[WhiteElo "1400"]
[BlackElo "2058"]
[PlyCount "102"]
[EventDate "2008.10.12"]
[EventType "team-tourn"]
[EventRounds "11"]
[EventCountry "FRA"]
[SourceTitle "EXT 2010"]
[Source "ChessBase"]
[SourceDate "2010.11.25"]
[SourceVersion "1"]
[SourceVersionDate "2010.11.25"]
[SourceQuality "1"]
[WhiteTeam "Avignon"]
[BlackTeam "Ramonville"]
[WhiteTeamCountry "FRA"]
[BlackTeamCountry "FRA"]

1. d4 d5 2. c4 c6 3. Nc3 e6 4. c5 Nf6 5. Bg5 Be7 6. Nf3 Nbd7 7. e3 Qc7 8. Bf4 Qd8 9. Bd3 Nh5 10. Be5 Nxe5 11. Nxe5 Nf6 12. b4 Nd7 13. Qh5 Nxe5 14. Qxe5 Bf6 15. Qg3 b6 16. 0-0 0-0 17. Ne2 Qe7 18. f4 Bd7 19. a3 Rfb8 20. Rac1 a5 21. e4 dxe4 22. Bxe4 axb4 23. axb4 bxc5 24. bxc5 Rb2 25. Qf3 Raa2 26. Rfe1 Qe8 27. Rb1 Qa8 28. Rxb2 Rxb2 29. f5 Qa5 30. Kf1 Qa6 31. fxe6 Bxe6 32. Rd1 Bxd4 33. Rxd4 Qa1+ 34. Kf2 Rxe2+ 35. Kxe2 Qxd4 36. Qe3 Bc4+ 37. Kf2 Qf6+ 38. Bf3 Qh4+ 39. Kg1 Qd8 40. Bxc6 Qd1+ 41. Kf2 Qc2+ 42. Kf3 Qf5+ 43. Kg3 Qg6+ 44. Kf2 Qxc6 45. g4 Qf6+ 46. Kg3 Bb5 47. Qb3 Qe5+ 48. Kh3 Bf1+ 49. Kh4 Qxh2+ 50. Kg5 Qe5+ 51. Kh4 h6 0-1